Монохроматизация пучков рентгеновского излучения электронных ускорителей: автореферат диссертации на соискание ученой степени кандидата физико-математических наук; спец. 01.04.01

Detalles Bibliográficos
Autor principal: Вагнер А. Р. Александр Рудольфович
Autor Corporativo: Томский политехнический университет (ТПУ) Кафедра прикладной физики
Otros Autores: Потылицын А. П. Александр Петрович (научный руководитель)
Sumario:Защита сост. 27.10.2009 г.
Lenguaje:ruso
Publicado: Томск, 2009
Materias:
Formato: Libro
KOHA link:https://koha.lib.tpu.ru/cgi-bin/koha/opac-detail.pl?biblionumber=170433

MARC

LEADER 00000nam0a2200000 4500
001 170433
005 20240212094947.0
035 |a (RuTPU)RU\TPU\book\184834 
090 |a 170433 
100 |a 20091123d2009 k y0rusy50 ca 
101 0 |a rus 
102 |a RU 
105 |a a dm 001zy 
200 1 |a Монохроматизация пучков рентгеновского излучения электронных ускорителей  |e автореферат диссертации на соискание ученой степени кандидата физико-математических наук  |e спец. 01.04.01  |f А. Р. Вагнер  |g Томский политехнический университет (ТПУ), Кафедра прикладной физики ; науч. рук. А. П. Потылицын 
210 |a Томск  |d 2009 
215 |a 21 с.  |c ил. 
300 |a Защита сост. 27.10.2009 г. 
320 |a Библиогр.: с. 20-21 (19 назв.). 
452 1 |0 (RuTPU)RU\TPU\book\186219  |t Монохроматизация пучков рентгеновского излучения электронных ускорителей  |o автореферат диссертации на соискание ученой степени кандидата физико-математических наук  |o спец. 01.04.01  |f А. Р. Вагнер  |g Томский политехнический университет (ТПУ), Кафедра прикладной физики ; науч. рук. А. П. Потылицын  |c Томск  |d 2009  |a Вагнер, Александр Рудольфович 
606 1 |a Ускорители электронов  |2 stltpush  |3 (RuTPU)RU\TPU\subj\63443  |9 80471 
606 1 |a Электромагнитное излучение  |2 stltpush  |3 (RuTPU)RU\TPU\subj\20156  |9 45277 
610 1 |a заряженные частицы 
610 1 |a излучение 
610 1 |a движение в веществе 
610 1 |a тормозное излучение 
610 1 |a теория 
610 1 |a параметрическое рентгеновское излучение 
610 1 |a дифракция 
610 1 |a монокристаллы 
610 1 |a генерация 
610 1 |a моделирование 
610 1 |a дифрагированное тормозное излучение 
610 1 |a рентгеновские трубки 
610 1 |a бетатроны 
610 1 |a измерения 
610 1 |a экспериментальные наблюдения 
610 1 |a цифровая рентгенография 
610 1 |a монохроматизация 
610 1 |a источники 
610 1 |a авторефераты диссертаций 
610 1 |a труды учёных ТПУ 
675 |a 621.384.6(04)  |v 3 
675 |a 537.531(04)  |v 3 
686 |a 01.04.01  |2 oksvnk 
700 1 |a Вагнер  |b А. Р.  |g Александр Рудольфович 
702 1 |a Потылицын  |b А. П.  |c российский физик  |c профессор Томского политехнического университета  |f 1945-  |g Александр Петрович  |3 (RuTPU)RU\TPU\pers\15853  |4 727  |9 5531 
712 0 2 |a Томский политехнический университет (ТПУ)  |b Кафедра прикладной физики  |c (1991- )  |3 (RuTPU)RU\TPU\col\376 
801 1 |a RU  |b 63413507  |c 20091123 
801 2 |a RU  |b 63413507  |c 20100903  |g RCR 
942 |c BK